=LDR 00000nam 2200000 4500 =001 INLIS000000000004661 =005 20130612092928 =008 ***********************************Ind** =035 ##$$0010-061300000004661 =041 ##$$a Ind =082 ##$$a 320 =090 ##$$a 320, Sar s =100 ##$$a SARMA, Evita =245 ##$$a Selingkuh Aryanti - Gus Dur: Fitnah politis atau benar? / oleh Evita Sarma. -- =260 ##$$a 2000 $b Jakarta : Radar Demokrasi =300 ##$$a xvi, 250 hlm. ; 18 cm =650 ##$$a Politik Esai =850 ##$$a NBPNMAT